W.B. Bryan notes and newspaper extracts, (Record no. 43195)

MARC details
000 -LEADER
fixed length control field 01583cpcaa2200361 a 4500
001 - CONTROL NUMBER
control field mm 81054726
003 - CONTROL NUMBER IDENTIFIER
control field DLC
005 - DATE AND TIME OF LATEST TRANSACTION
control field 20260227111709.0
007 - PHYSICAL DESCRIPTION FIXED FIELD--GENERAL INFORMATION
fixed length control field cr |||||||||||
008 - FIXED-LENGTH DATA ELEMENTS--GENERAL INFORMATION
fixed length control field 810423|||||||||||| eng
010 ## - LIBRARY OF CONGRESS CONTROL NUMBER
LC control number mm 81054726
040 ## - CATALOGING SOURCE
Original cataloging agency DLC
Transcribing agency DLC
Modifying agency DLC
Description conventions dacs
072 #7 - SUBJECT CATEGORY CODE
Subject category code C
Source lcmd
100 1# - MAIN ENTRY--PERSONAL NAME
Personal name Bryan, W. B.
Fuller form of name (Wilhelmus Bogart),
Dates associated with a name 1854-1938.
245 00 - TITLE STATEMENT
Title W.B. Bryan notes and newspaper extracts,
Inclusive dates 1789-1888.
300 ## - PHYSICAL DESCRIPTION
Extent 3,500
Type of unit items.
300 ## - PHYSICAL DESCRIPTION
Extent 6
Type of unit containers.
300 ## - PHYSICAL DESCRIPTION
Extent 2.4
Type of unit linear feet.
506 0# - RESTRICTIONS ON ACCESS NOTE
Terms governing access Open to research.
520 8# - SUMMARY, ETC.
Summary, etc. Handwritten notes along with extracts from newspapers, many published in the District of Columbia, relating to Washington, D.C., compiled by Bryan while researching his two-volume work, A History of the National Capital (1914, 1916).
545 0# - BIOGRAPHICAL OR HISTORICAL DATA
Biographical or historical data Historian and author.
546 ## - LANGUAGE NOTE
Language note Collection material in English.
555 8# - CUMULATIVE INDEX/FINDING AIDS NOTE
Cumulative index/finding aids note Finding aid available in the Library of Congress Manuscript Reading Room and at
Uniform Resource Identifier <a href="http://hdl.loc.gov/loc.mss/eadmss.ms009013">http://hdl.loc.gov/loc.mss/eadmss.ms009013</a>
650 #0 - SUBJECT ADDED ENTRY--TOPICAL TERM
Topical term or geographic name entry element American newspapers
Geographic subdivision Washington (D.C.)
651 #0 - SUBJECT ADDED ENTRY--GEOGRAPHIC NAME
Geographic name Washington (D.C.)
General subdivision History.
656 #7 - INDEX TERM--OCCUPATION
Occupation Authors.
Source of term itoamc
656 #7 - INDEX TERM--OCCUPATION
Occupation Historians.
Source of term itoamc
856 4# - ELECTRONIC LOCATION AND ACCESS
Materials specified Finding aid
Uniform Resource Identifier <a href="http://hdl.loc.gov/loc.mss/eadmss.ms009013">http://hdl.loc.gov/loc.mss/eadmss.ms009013</a>
856 4# - ELECTRONIC LOCATION AND ACCESS
Materials specified Finding aid (PDF)
Uniform Resource Identifier <a href="http://hdl.loc.gov/loc.mss/eadmss.ms009013.3">http://hdl.loc.gov/loc.mss/eadmss.ms009013.3</a>

No items available.

Powered by Koha